000 00440nam a2200181Ia 4500
008 100917s9999 xx 000 0 und d
082 _b47264
100 _aPamela Sykes
245 _aThe Long , Long Day
260 _bH. H.
_c1972
300 _a87
365 _b0
520 _aबालविभाग
630 _aThe Long , Long Day
650 _aबालविभाग
730 _aThe Long , Long Day
942 _cBOOK
999 _c652658
_d652655